000 00531nam a2200193 4500
003 OSt
005 20240705054914.0
006 a
008 240705b |||||||| |||| 00| 0 eng d
020 _a9780321549358
040 _aDWCL-Main lib.
_cOC
082 _aCirc. 005.13 L674p 2009
100 _aLewis, John
245 _aProgramming with Alice & Java /
260 _aBoston :
_bPearson Educ., Inc.,
_cc2009.
300 _axvii,
_b333p. : ill.;
_c25 cm.
650 _a1. Programming Language.
942 _2ddc
_n0
_cBK-CIRC
_kCirc.
999 _c2020
_d2020